24 caprices. Op. I.

Uložené v:
Podrobná bibliografia
Hlavný autor: Paganini, Niccolò, 1782-1840 (Composer)
Médium: Kniha
Jazyk:Czech
Vydané: 1950
Tagy: Pridať tag
Žiadne tagy, Buďte prvý kto otaguje tento záznam!

MARC

LEADER 00000nam a2200000 a 4500
001 000093708
005 00000000000000.0
008 040101s1950 e czeo
041 0 |a cze 
100 1 |a Paganini, Niccolò,  |d 1782-1840  |4 cmp 
245 1 0 |a 24 caprices. Op. I. 
260 |c 1950 
500 |a Záznam neprešiel kontrolou 
910 |a svkkk 
998 |a BK 
090 |g SCKHL  |k Sklad Pribinova 3. posch.  |a V.4881  |j 69768  |i 2720283585  |s Prezenčne